LEADER 01455nam--2200421---450- 001 990001093130203316 005 20081209121157.0 035 $a000109313 035 $aUSA01000109313 035 $a(ALEPH)000109313USA01 035 $a000109313 100 $a20021025d1972----km-y0itay0103----ba 101 $aita 102 $aIT 105 $ay|||z|||001yy 200 1 $aLezioni di economia industriale e teoria dell'impresa$ecorso di economia e politica industriale$eanno accademico 1971-1972$fFranco Momigliano 210 $aTorino$cG.Giappichelli$d1972 215 $a3 v.$d25 cm 225 2 $aCorsi universitari 410 0$12001$aCorsi universitari 606 0 $aImprese$xConcentrazione$yItalia 606 0 $aImprese$xTeorie 676 $a338.8 700 1$aMOMIGLIANO,$bFranco$049375 801 0$aIT$bsalbc$gISBD 912 $a990001093130203316 951 $a338.8 MOM 1/1(IRA 1 353 I)$b159719 L.M.$cIRA 1$d00076565 951 $a338.8 MOM 1/2(IRA 1 353 II)$b159678 L.M.$cIRA 1$d00076556 951 $a338.8 MOM 1/3(IRA 1 353 III)$b159679 L.M.$cIRA 1$d00076555 959 $aBK 969 $aECO 979 $aPAOLA$b90$c20021025$lUSA01$h1409 979 $aPAOLA$b90$c20021025$lUSA01$h1412 979 $aPAOLA$b90$c20021025$lUSA01$h1413 979 $aPATRY$b90$c20040406$lUSA01$h1716 979 $aRSIAV1$b90$c20081209$lUSA01$h1211 996 $aLezioni di economia industriale e teoria dell'impresa$9434696 997 $aUNISA LEADER 01337nam 2200445 450 001 9910583377203321 005 20231214163102.0 010 $a0-08-102597-1 010 $a1-78548-280-7 035 $a(PPN)240741668 035 $a(CKB)4100000007157200 035 $a(MiAaPQ)EBC5602425 035 $a(EXLCZ)994100000007157200 100 $a20181221d2018 uy 0 101 0 $aeng 135 $aurcnu|||||||| 181 $ctxt$2rdacontent 182 $cc$2rdamedia 183 $acr$2rdacarrier 200 10$aEveryday applied geophysics$h2$iMagnetics and electromagnetism /$fNicolas Florsch, Fre?de?ric Muhlach, Michel Kammenthaler 210 1$aLondon, England :$cISTE Press Limited,$d2018. 215 $a1 online resource (168 pages) 320 $aIncludes bibliographical references and index. 606 $aGeophysics$xMethodology 606 $aElectromagnetism 606 $aMagnetism 615 0$aGeophysics$xMethodology. 615 0$aElectromagnetism. 615 0$aMagnetism. 676 $a550.724 700 $aFlorsch$b Nicolas$0928311 702 $aMuhlach$b Fre?de?ric 702 $aKammenthaler$b Michel 801 0$bMiAaPQ 801 1$bMiAaPQ 801 2$bMiAaPQ 906 $aBOOK 912 $a9910583377203321 996 $aEveryday applied geophysics$92086336 997 $aUNINA